Normal view
MARC view
- CHRISTANITY
Entry Topical Term
001 - CONTROL NUMBER
- control field: 65597
003 - CONTROL NUMBER IDENTIFIER
- control field: NUST
005 - DATE AND TIME OF LATEST TRANSACTION
- control field: 20210628203446.0
008 - FIXED-LENGTH DATA ELEMENTS
- fixed length control field: 210628|| aca||aabn | a|a d
040 ## - CATALOGING SOURCE
- Original cataloging agency: NUST
- Transcribing agency: NUST
150 ## - HEADING--TOPICAL TERM
- Topical term or geographic name entry element: CHRISTANITY
670 ## - SOURCE DATA FOUND
- Source citation: Work cat.: (NUST): Prof Sajid Mir 65596, Easaiat tajziah -o- mutaliah, 2003
